Online
Catalog

La revolución del servicio : (Record no. 22628)

MARC details
000 -CABECERA
campo de control de longitud fija 00967nam a2200265 a 4500
001 - NÚMERO DE CONTROL
campo de control 000023131
005 - FECHA Y HORA DE LA ÚLTIMA TRANSACCIÓN
campo de control 20200930022016.0
008 - DATOS DE LONGITUD FIJA--INFORMACIÓN GENERAL
campo de control de longitud fija 101126s1998 ck a r 000 | spa d
020 ## - NÚMERO INTERNACIONAL ESTÁNDAR DEL LIBRO
Número Internacional Estándar del Libro 9588017270
040 ## - FUENTE DE LA CATALOGACIÓN
Centro catalogador/agencia de origen DO-SdBNP
Lengua de catalogación spa
Centro/agencia transcriptor BNPHU
082 ## - NÚMERO DE LA CLASIFICACIÓN DECIMAL DEWEY
Número de clasificación 658.812
Número de documento/Ítem A341r
049 ## - FONDOS LOCALES (OCLC)
Fondos de biblioteca BNGR
100 1# - ENTRADA PRINCIPAL--NOMBRE DE PERSONA
Nombre de persona Albrecht, Karl
9 (RLIN) 47620
240 00 - TÍTULO UNIFORME
Título uniforme At america's service
Lenguaje de la obra español
245 13 - MENCIÓN DE TÍTULO
Título La revolución del servicio :
Resto del título lo único que cuenta es un cliente satisfecho /
Mención de responsabilidad, etc. Karl Albrecht ; traducción de Jesús Villamizar Herrera ; revisión técnica de Humberto Serna Gómez.
260 ## - PUBLICACIÓN, DISTRIBUCIÓN, ETC.
Lugar de publicación, distribución, etc. Santafé de Bogotá :
Nombre del editor, distribuidor, etc. 3R ,
Fecha de publicación, distribución, etc. 1998.
300 ## - DESCRIPCIÓN FÍSICA
Extensión x, 235 p. ;
Dimensiones 24 cm.
500 ## - NOTA GENERAL
Nota general Incluye índice alfabético
534 ## - NOTA SOBRE LA VERSIÓN ORIGINAL
Encabezamiento principal del original Título original :
Mención de título del original At america's service
650 #4 - PUNTO DE ACCESO ADICIONAL DE MATERIA--TÉRMINO DE MATERIA
Término de materia o nombre geográfico como elemento de entrada Servicio al cliente
9 (RLIN) 1161
650 #4 - PUNTO DE ACCESO ADICIONAL DE MATERIA--TÉRMINO DE MATERIA
Término de materia o nombre geográfico como elemento de entrada Mercadeo de servicios
9 (RLIN) 47621
650 #4 - PUNTO DE ACCESO ADICIONAL DE MATERIA--TÉRMINO DE MATERIA
Término de materia o nombre geográfico como elemento de entrada Liderazgo
9 (RLIN) 115
700 1# - PUNTO DE ACCESO ADICIONAL--NOMBRE DE PERSONA
Nombre de persona Villamizar Herrera, Jesús
Término indicativo de función/relación tr.
9 (RLIN) 47622
700 1# - PUNTO DE ACCESO ADICIONAL--NOMBRE DE PERSONA
Nombre de persona Serna Gómez, Humberto
9 (RLIN) 47623
Holdings
Estado de retiro Estado de pérdida Restricciones de uso No para préstamo Código de colección Localización permanente Ubicación/localización actual Ubicación en estantería Fecha de adquisición Número de inventario Total de préstamos Signatura topográfica completa Código de barras Fecha visto por última vez Precio válido a partir de Tipo de ítem Koha
      Excluido de préstamo Monografías: Libros y Folletos General General En catalogación 26.11.2010 LF1   658.812 A341r 23131-10 25.06.2020 25.06.2020 No se presta

Powered by Koha